| Tag |
First Indicator |
Second Indicator |
Subfields |
| LEADER |
00000cam a22000008a 4500 |
| 001 |
in00000077223 |
| 005 |
20151008060602.0 |
| 008 |
811021s1981 miu b 00010 eng |
| 010 |
|
|
|a 81016188
|
| 020 |
|
|
|a 0911558896
|
| 020 |
|
|
|a 091155890X (pbk.)
|
| 035 |
|
|
|a (OCoLC)07946507
|
| 035 |
|
|
|9 AAJ6090AM
|
| 039 |
0 |
|
|a 2
|b 3
|c 3
|d 3
|e 3
|
| 040 |
|
|
|a DLC
|c DLC
|d TXA
|d UtOrBLW
|
| 049 |
|
|
|a TXAM
|c [1805202]
|
| 050 |
0 |
0 |
|a HD5708.5
|b .G67
|
| 082 |
0 |
|
|a 338.6/042
|2 19
|
| 100 |
1 |
|
|a Gordus, Jeanne P.
|
| 245 |
1 |
0 |
|a Plant closings and economic dislocation /
|c Jeanne Prial Gordus, Paul Jarley, Louis A. Ferman.
|
| 263 |
|
|
|a 8111
|
| 264 |
|
1 |
|a Kalamazoo, Mich. :
|b W.E. Upjohn Institute for Employment Research,
|c [1981]
|
| 264 |
|
4 |
|c ©1981
|
| 300 |
|
|
|a xiii, 173 pages ;
|c 23 cm.
|
| 336 |
|
|
|a text
|b txt
|2 rdacontent
|
| 337 |
|
|
|a unmediated
|b n
|2 rdamedia
|
| 338 |
|
|
|a volume
|b nc
|2 rdacarrier
|
| 504 |
|
|
|a Includes bibliographical references.
|
| 650 |
|
0 |
|a Plant shutdowns.
|
| 650 |
|
0 |
|a Unemployed.
|
| 650 |
|
0 |
|a Labor mobility.
|
| 650 |
|
0 |
|a Personnel management.
|
| 650 |
|
0 |
|a Employees
|x Relocation.
|
| 700 |
1 |
|
|a Jarley, Paul.
|
| 700 |
1 |
|
|a Ferman, Louis A.
|
| 999 |
|
|
|a MARS
|
| 999 |
f |
f |
|s 34e1fef8-b19b-30fd-b6bd-2b6b260f62dd
|i e54771a7-fe18-338c-b9d9-3504700a2ea8
|t 0
|
| 952 |
f |
f |
|p ric
|a Texas A&M University
|b Rellis Campus
|c Joint Library Facility
|d Remote Storage
|t 0
|e HD5708.5 .G67
|h Library of Congress classification
|i unmediated -- volume
|m A14806128023
|
| 998 |
f |
f |
|a HD5708.5 .G67
|t 0
|l Remote Storage
|